000 00932cam a2200241 4500
001 WB3547-29
008 000000n1999 000 0 eng u
035 _a(Sirsi) u103021
245 _aCaution advised on eastern Mediterranean
260 _c1999
490 _aRetail Week
_v26 November 1999, 19(1)
520 _aResearch for Jones Lang LaSalle and the Oxford Institute of Retail Management says that international retailers are increasingly waking up to the potential of the eastern Mediterranean markets. JLL warns that the sensible approach is to get a strong local partner at an early stage.
590 _aWB
650 _aPROPERTY-COMMERCIAL PROPERTY-RETAIL PROPERTY-RETAIL PROPERTY MARKET
650 _aMEDITERRANEAN
650 _aITALY
650 _aGREECE
650 _aTURKEY
650 _aJONES LANG LASALLE
650 _aOXFORD INSTITUTE OF RETAIL MANAGEMENT
690 _aOVERSEAS-EUROPE
942 _n0
999 _c61906
_d61906